000 00545nam a2200169Ia 4500
008 090711s9999 xx 000 0 und d
082 _b75066
100 _aजावडेकर सुबोध
245 _aवामनाSो Sाौथे पाऊल
260 _c1994
300 _a197
600 _aजावडेकर सुबोध
630 _aवामनाSो Sाौथे पाऊल
700 _aजावडेकर सुबोध
730 _aवामनाSो Sाौथे पाऊल
942 _cBOOK
999 _c306310
_d306310